00907nam a22002177a 4500003000900000008004100009020001800050040007100068082002000139245025900159260002800418300003900446650001800485650001700503650001600520650001100536700002600547700003900573700004100612700003600653AR-CdUCM190423b ||||| |||| 00| 0 spa d a9786124431449 aMUNICIPALIDAD PROVINCIAL DEL CUSCOcBIBLIOTECA MUNICIPAL DEL CUSCO aEP/920.085/HbH aHéroes y heroínas de la peruanidad :b200 historias para celebrar el bicentenario /c[presentación, Hangar 28 ; edición de textos, Teo Pinzás ; ilustraciones Diana Canales Montoya, Frida Chamochumbi Salas, Grettel Montesinos Paredes ... et al.] aLima :bPlaneta,c2019. a1 v. :bil. col., retrs. ;c24 cm. aIntelectuales aCelebridades aBiografía aPerú aPinzás, Teoeeditor aCanales Montoya, Dianaeilustrador aChamochumbi Salas, Fridaeilustrador aMontesinos, Gretteleilustrador